000 01085cam a2200265 4500
001 ABS65610
008 020625n2002 000 0 eng u
035 _a(Sirsi) u118514
100 _aTotton, B.
245 _aFlood prevention
260 _c2002
490 _aSurveyor
_v189(5682) 30 May 2002, 14-23(8)
520 _aA series of articles which examine means of flood prevention. A recent scheme in Oxfordshire demonstrates how to successfully build and protect houses on a flood plain; the second article reports on an emergency repair scheme that saved a town from the flooding of autumn 2000; and the final article considers whether SUDs (sustainable urban drainage techniques) can be a realistic option for local authorities.
590 _aABS
650 _aFLOOD PREVENTION
650 _aLOCAL AUTHORITIES
650 _aOXFORDSHIRE
650 _aFLOODING
650 _aHOUSING PROJECTS
650 _aENVIRONMENT AGENCY
690 _aENVIRONMENTAL AND LAND CONSULTANCY-ENVIRONMENTAL MANAGEMENT
700 _aBond, R.
700 _aConstable, S.
942 _n0
999 _c70560
_d70560